| 000 | 01074nam a22003017a 4500 | ||
|---|---|---|---|
| 003 | |||
| 005 | 20260113063859.0 | ||
| 007 | cr |||aaa||||| | ||
| 008 | 250612s2016 ck ||||fo|||| 000 | spa d | ||
| 020 | _a9789589314913 | ||
| 040 |
_aMX-MxUPN _bspa _cMX-MxUPN _eaacr2 |
||
| 041 | 1 | _aspa | |
| 050 | _aLB1028.3 | ||
| 100 | 1 |
_aVega, Omar Antonio _956975 |
|
| 100 | 1 |
_aVargas García, Dolly _956976 |
|
| 100 | 1 |
_aMejía Correa, José Fernando _956977 |
|
| 100 | 1 |
_aMelo Solarte, Diego Samir _956978 |
|
| 100 | 1 |
_aSerna Mendoza, Ciro Alfonso _956979 |
|
| 245 | 1 | 0 |
_aAmbientes virtuales de aprendizaje innovadores : _buna aproximación _h[recurso en línea] |
| 260 |
_aBogotá : _bUniediciones, _c2016 |
||
| 300 |
_a1 recurso electrónico (160 páginas) _bPDF |
||
| 500 | _aIncluye bibliografía | ||
| 650 | 4 |
_aInnovaciones educativas _9386 |
|
| 650 | 4 |
_aTecnología educativa _zAmérica Latina _919376 |
|
| 856 | _uhttps://ridum.umanizales.edu.co/xmlui/handle/20.500.12746/2777 | ||
| 902 |
_aMaiella Martínez / 12062025 _bBerenice Martínez |
||
| 942 |
_2lcc _cLIBRO-E |
||
| 999 |
_c213509 _d213509 |
||